Регионална библиотека "Любен Каравелов" - Русе

Английска матура (Запис номер 330887)

MARC детайли
000 -Лидер
Контролно поле с фиксирана дължина nam a22 a 4500
003 - Код на организацията, давaща контролен номер
Контролно поле BLK
005 - Дата и час на последна редакция
Контролно поле 20221208030930.0
008 - Елементи от данни с фиксирана дължина
fixed length control field 190508b bu |||||r|||| 00| 0 bu d
020 ## - Международен стандартен номер на книга ISBN
Международен стандартен номер на книга ISBN 9786190202998
040 ## - Източник на каталожния запис
Идентификатор на билиотеката - собственик на записа BLK
041 ## - Код за език
Код за езика на текст/звукозапис или на отделно заглавие Български
-- Английски
Код за езика КДБФ Български
100 ## - Редна дума - Автор
R(LIN) 295170
Автор Багашева, Александра Божидарова
Авторска отговорност първи автор
139 ## - Редно поле
Редна дума Багашева, Александра Божидарова
Авторски знак Баг - Б 13
245 ## - Сведения за заглавието
Заглавие Английска матура
Подзаглавни данни 6 теста, 6 пояснителни ключа
Редно поле (дума) Александра Багашева, Ирина Васева
260 ## - Област на издателските данни
9 (RLIN) 209486
Място на издаване, разпространение и проч. София
Име на издателя, разпространителя и проч. Колибри
Година на издаване 2018
Печатница София: Инвестпрес
300 ## - Физическа характеристика
Страници 166 с.
Илюстрации и др. 24 см
Съпровождащи материали + 1 оптичен диск
380 ## - Жанр
Жанр Езикознание. Филология
490 ## - СЕРИИ (Колекции)
9 (RLIN) 402497
Име на серия Мога за отличен!
500 ## - Общи забележки
Забележка Текст и на англ. ез. - Кн. от поредицата Мога за отличен!
653 #7 - Ключова дума – ненормативна
9 (RLIN) 180906
Ключова дума английски език
700 ## - Други автори (авторска отговорност)
Лично име Васева, Ирина Ненчева
Автороска отговорност (Описва отношението между автора и произведението) съавт.
9 (RLIN) 1445
852 ## - Местоположение
Форматна сигнатура Цб 294627
999 ## - СИСТЕМНИ КОНТРОЛНИ НОМЕРА
Koha biblionumber 330887
Koha biblioitemnumber 330887
942 ## - АРТИКУЛИ
Вид на библиотечния материал Книги
Скрит в OPAC Не
Периодичен библиозапис Да
944 ## - СЪЗДАВАНЕ И РЕДАКЦИЯ на ЗАПИСА
Създаване/Редакция Създаване
Дата на регистрацията/редакция 2019-05-08
Служител, извършил регистрацията/редакцията Петя Минчева
Статус, дата на статуса 2019-05-08
999 ## - СИСТЕМНИ КОНТРОЛНИ НОМЕРА
Koha biblioitemnumber 330887
Наличности
Код за отписване Код за изгубен артикул Източник на класификационната схема Код за повреда Коз за рестрикции Код за отдаване Артикулен № Име на библиотеката - собственик Име на библиотеката, в която се намира в момента Статус (Текущо местоположение) Дата на вписване в системата Местоположение - отдел Цена в лева Систематично азбучна сигнатура Баркод Цена в евро Служебен тип на артикула
  Не е изгубен Universal Decimal Classification Не е повреден без рестрикции ползва се в читалня 706118 Регионална библиотека "Любен Каравелов" Русе Регионална библиотека "Любен Каравелов" Русе Хранилище 2019-05-10 Хранилище 13.00 Цб 294627 120000831633 6.65 Книги
  Не е изгубен Universal Decimal Classification Не е повреден без рестрикции заемане за дома 750175 Регионална библиотека "Любен Каравелов" Русе Регионална библиотека "Любен Каравелов" Русе ЧЧЗО - англ. ез. - Британски съвет 2019-12-02 ЧЧЗО - англ. ез. - Британски съвет 11.20 Ч3 802.0/Б 13 120000838353 5.73 Книги
  Не е изгубен Universal Decimal Classification Не е повреден без рестрикции заемане за дома 750176 Регионална библиотека "Любен Каравелов" Русе Регионална библиотека "Любен Каравелов" Русе ЧЧЗО - англ. ез. - Британски съвет 2019-12-02 ЧЧЗО - англ. ез. - Британски съвет 11.20 Ч3 802.0/Б 13 120000838354 5.73 Книги
Vip Innovations Ltd, Rousse, Bulgaria 2025